[Event "EUYCC 2025 - U14"]
[Site "?"]
[Date "2025.08.24"]
[Round "6.3"]
[White "Komarek, Tobias"]
[Black "Hujova, Tess"]
[Result "1-0"]
[BlackElo "1709"]
[WhiteElo "1897"]
[LiveChessVersion "1.4.8"]

1. d4 {[%clk 1:30:54]} f5 {[%clk 1:30:55]} 2. Nc3 {[%clk 1:29:46]} Nf6
{[%clk 1:31:15]} 3. Bg5 {[%clk 1:29:13]} d5 {[%clk 1:31:33]} 4. Bxf6
{[%clk 1:29:17]} exf6 {[%clk 1:32:00]} 5. e3 {[%clk 1:28:08]} Be6
{[%clk 1:31:14]} 6. Bd3 {[%clk 1:27:29]} g6 {[%clk 1:29:49]} 7. Nge2
{[%clk 1:26:14]} Bd6 {[%clk 1:28:17]} 8. h4 {[%clk 1:19:38]} h5 {[%clk 1:25:41]}
9. Qd2 {[%clk 1:18:46]} O-O {[%clk 1:22:38]} 10. O-O-O {[%clk 1:18:40]} c6
{[%clk 1:20:09]} 11. f3 {[%clk 1:06:31]} Kg7 {[%clk 1:14:53]} 12. Rdg1
{[%clk 1:04:59]} b5 {[%clk 1:12:35]} 13. Nd1 {[%clk 1:04:29]} Na6
{[%clk 1:09:43]} 14. Nf2 {[%clk 1:01:09]} Nb4 {[%clk 1:08:58]} 15. g4
{[%clk 0:57:12]} Rh8 {[%clk 1:04:44]} 16. gxf5 {[%clk 0:51:05]} Bf7
{[%clk 1:04:13]} 17. fxg6 {[%clk 0:50:20]} Be6 {[%clk 1:04:30]} 18. a3
{[%clk 0:45:52]} Nxd3+ {[%clk 0:49:51]} 19. Nxd3 {[%clk 0:44:56]} Qb6
{[%clk 0:47:14]} 20. e4 {[%clk 0:42:53]} dxe4 {[%clk 0:45:45]} 21. fxe4
{[%clk 0:42:46]} Bc4 {[%clk 0:45:04]} 22. Ndf4 {[%clk 0:34:22]} b4
{[%clk 0:40:45]} 23. a4 {[%clk 0:24:41]} b3 {[%clk 0:36:00]} 24. Ng3
{[%clk 0:20:37]} Bxf4 {[%clk 0:32:30]} 25. Nf5+ {[%clk 0:19:12]} Kg8
{[%clk 0:32:20]} 26. Qxf4 {[%clk 0:19:35]} Qd8 {[%clk 0:32:04]} 27. Nh6+
{[%clk 0:16:56]} Kg7 {[%clk 0:32:23]} 28. Nf5+ {[%clk 0:17:17]} Kg8
{[%clk 0:32:38]} 29. g7 {[%clk 0:17:43]} Rh7 {[%clk 0:32:48]} 30. Nh6+
{[%clk 0:18:08]} Rxh6 {[%clk 0:33:02]} 31. Qxh6 {[%clk 0:18:34]} Bf7
{[%clk 0:32:54]} 32. Qh8# {[%clk 0:18:55]} 1-0

[Event "EUYCC 2025 - U14"]
[Site "?"]
[Date "2025.08.24"]
[Round "6.4"]
[White "Janouskova, Eliska"]
[Black "Migalko, Dmitriy"]
[Result "1/2-1/2"]
[BlackElo "1916"]
[WhiteElo "1748"]
[LiveChessVersion "1.4.8"]

1. e4 {[%clk 1:30:54]} c6 {[%clk 1:30:56]} 2. Nc3 {[%clk 1:30:59]} d5
{[%clk 1:31:17]} 3. Nf3 {[%clk 1:31:16]} dxe4 {[%clk 1:31:39]} 4. Nxe4
{[%clk 1:31:33]} Nf6 {[%clk 1:32:02]} 5. Qe2 {[%clk 1:31:18]} Na6
{[%clk 1:32:23]} 6. d4 {[%clk 1:28:06]} Bg4 {[%clk 1:31:29]} 7. h3
{[%clk 1:23:22]} Bxf3 {[%clk 1:29:22]} 8. Nxf6+ {[%clk 1:22:20]} gxf6
{[%clk 1:29:47]} 9. Qxf3 {[%clk 1:22:36]} Nb4 {[%clk 1:30:08]} 10. Qb3
{[%clk 1:11:47]} Qb6 {[%clk 1:16:53]} 11. Bc4 {[%clk 1:03:57]} e6
{[%clk 1:16:57]} 12. c3 {[%clk 1:01:41]} Na6 {[%clk 1:15:52]} 13. Qxb6
{[%clk 1:01:01]} axb6 {[%clk 1:16:17]} 14. Bf4 {[%clk 0:57:46]} Kd7
{[%clk 1:15:38]} 15. O-O {[%clk 0:52:52]} b5 {[%clk 1:08:12]} 16. Be2
{[%clk 0:51:30]} Nc7 {[%clk 1:07:29]} 17. Bxc7 {[%clk 0:50:50]} Kxc7
{[%clk 1:07:56]} 18. Bh5 {[%clk 0:50:59]} Bd6 {[%clk 1:00:53]} 19. Bxf7
{[%clk 0:50:28]} e5 {[%clk 1:01:00]} 20. dxe5 {[%clk 0:49:51]} fxe5
{[%clk 1:01:08]} 21. a3 {[%clk 0:44:39]} Rhf8 {[%clk 1:00:38]} 22. Bb3
{[%clk 0:43:30]} Rae8 {[%clk 0:58:39]} 23. Bc2 {[%clk 0:42:30]} Re7
{[%clk 0:58:18]} 24. Be4 {[%clk 0:41:21]} Bc5 {[%clk 0:57:38]} 25. Rae1
{[%clk 0:37:08]} Ref7 {[%clk 0:56:06]} 26. Re2 {[%clk 0:36:36]} h6
{[%clk 0:55:29]} 1/2-1/2

[Event "EUYCC 2025 - U14"]
[Site "?"]
[Date "2025.08.24"]
[Round "6.5"]
[White "Mojzisova, Barbora"]
[Black "Bolla, Zsofia"]
[Result "1/2-1/2"]
[BlackElo "1772"]
[WhiteElo "1740"]
[LiveChessVersion "1.4.8"]

1. e4 {[%clk 1:30:56]} c5 {[%clk 1:30:55]} 2. Nf3 {[%clk 1:31:16]} Nc6
{[%clk 1:31:20]} 3. d4 {[%clk 1:31:20]} cxd4 {[%clk 1:31:43]} 4. Nxd4
{[%clk 1:31:44]} Nf6 {[%clk 1:32:03]} 5. Nc3 {[%clk 1:31:54]} d6 {[%clk 1:32:26]}
6. Be2 {[%clk 1:30:48]} e5 {[%clk 1:32:34]} 7. Nb3 {[%clk 1:29:12]} Be7
{[%clk 1:31:43]} 8. Bg5 {[%clk 1:27:15]} Be6 {[%clk 1:28:32]} 9. O-O
{[%clk 1:25:28]} O-O {[%clk 1:28:01]} 10. Bxf6 {[%clk 1:23:37]} Bxf6
{[%clk 1:28:22]} 11. Nd5 {[%clk 1:23:04]} Bxd5 {[%clk 1:24:17]} 12. exd5
{[%clk 1:21:50]} Ne7 {[%clk 1:24:33]} 13. c4 {[%clk 1:19:34]} a5 {[%clk 1:23:30]}
14. Nd2 {[%clk 1:16:40]} Nf5 {[%clk 1:23:02]} 15. Bd3 {[%clk 1:13:35]} Nd4
{[%clk 1:22:30]} 16. Nf3 {[%clk 1:12:52]} Qb6 {[%clk 1:21:55]} 17. Nxd4
{[%clk 1:11:48]} Qxd4 {[%clk 1:22:10]} 18. Qc2 {[%clk 1:11:00]} g6
{[%clk 1:22:07]} 19. Rad1 {[%clk 1:10:01]} Qc5 {[%clk 1:21:57]} 20. Kh1
{[%clk 1:06:54]} Rac8 {[%clk 1:21:16]} 21. Qb3 {[%clk 0:55:00]} Rc7
{[%clk 1:18:40]} 22. Rc1 {[%clk 0:52:04]} Re8 {[%clk 1:16:14]} 23. f3
{[%clk 0:48:19]} Bg5 {[%clk 1:11:44]} 24. Rc2 {[%clk 0:46:34]} Rce7
{[%clk 1:08:26]} 25. Re1 {[%clk 0:44:32]} f5 {[%clk 1:05:23]} 26. Rce2
{[%clk 0:43:39]} Qd4 {[%clk 1:04:42]} 27. Qc2 {[%clk 0:41:58]} Rc8
{[%clk 1:03:31]} 28. Qb3 {[%clk 0:34:58]} Qc5 {[%clk 0:45:45]} 29. Rc2
{[%clk 0:34:19]} Kg7 {[%clk 0:44:15]} 30. g3 {[%clk 0:32:02]} Rce8
{[%clk 0:43:43]} 31. Rce2 {[%clk 0:31:47]} Bf6 {[%clk 0:37:21]} 32. Kg2
{[%clk 0:29:50]} Ra8 {[%clk 0:36:17]} 33. Qb5 {[%clk 0:23:14]} Qd4
{[%clk 0:25:13]} 34. Qb3 {[%clk 0:22:57]} h5 {[%clk 0:19:11]} 35. Qc2
{[%clk 0:21:23]} Rc7 {[%clk 0:18:09]} 36. Qb3 {[%clk 0:18:59]} Bd8
{[%clk 0:12:36]} 37. Rd1 {[%clk 0:17:17]} a4 {[%clk 0:10:10]} 38. Qb4
{[%clk 0:16:15]} Be7 {[%clk 0:08:24]} 39. Rdd2 {[%clk 0:14:23]} Qa7
{[%clk 0:07:13]} 40. Rc2 {[%clk 0:13:37]} Rc5 {[%clk 0:07:09]} 41. Qc3
{[%clk 0:12:43]} b5 {[%clk 0:05:18]} 42. f4 {[%clk 0:11:30]} Bf6 {[%clk 0:03:49]}
43. fxe5 {[%clk 0:10:36]} Bxe5 {[%clk 0:04:14]} 44. Qd2 {[%clk 0:09:42]} bxc4
{[%clk 0:04:27]} 45. Bxc4 {[%clk 0:07:47]} Rac8 {[%clk 0:04:44]} 46. b3
{[%clk 0:07:38]} axb3 {[%clk 0:04:19]} 47. axb3 {[%clk 0:07:59]} Qf7
{[%clk 0:03:26]} 48. Qe3 {[%clk 0:07:25]} Qf6 {[%clk 0:02:56]} 49. Rc1
{[%clk 0:06:43]} R8c7 {[%clk 0:02:07]} 50. Rf1 {[%clk 0:06:39]} Qd8
{[%clk 0:01:42]} 51. Qf3 {[%clk 0:06:22]} Qg5 {[%clk 0:01:40]} 52. Kh1
{[%clk 0:04:34]} Qf6 {[%clk 0:01:37]} 1/2-1/2

[Event "EUYCC 2025 - U14"]
[Site "?"]
[Date "2025.08.24"]
[Round "6.6"]
[White "Belocky, Daniel"]
[Black "Kostov, Rubin"]
[Result "1-0"]
[BlackElo "1621"]
[WhiteElo "1683"]
[LiveChessVersion "1.4.8"]

1. d4 {[%clk 1:30:58]} Nf6 {[%clk 1:30:55]} 2. c4 {[%clk 1:31:21]} e6
{[%clk 1:31:18]} 3. Nc3 {[%clk 1:31:47]} Bb4 {[%clk 1:31:43]} 4. f3
{[%clk 1:32:11]} O-O {[%clk 1:30:57]} 5. e4 {[%clk 1:32:36]} d5 {[%clk 1:31:05]}
6. e5 {[%clk 1:32:59]} Nfd7 {[%clk 1:31:27]} 7. a3 {[%clk 1:33:02]} Bxc3+
{[%clk 1:31:37]} 8. bxc3 {[%clk 1:33:26]} dxc4 {[%clk 1:31:33]} 9. Qa4
{[%clk 1:32:39]} Nb6 {[%clk 1:28:53]} 10. Qc2 {[%clk 1:32:07]} Bd7
{[%clk 1:26:44]} 11. Be3 {[%clk 1:32:20]} Ba4 {[%clk 1:24:38]} 12. Qf2
{[%clk 1:32:36]} Nd5 {[%clk 1:22:20]} 13. Bxc4 {[%clk 1:27:30]} Nxc3
{[%clk 1:21:28]} 14. Qg3 {[%clk 1:27:51]} Kh8 {[%clk 1:16:53]} 15. Nh3
{[%clk 1:25:48]} Nd5 16. Bg5 {[%clk 1:21:26]} Ne7 {[%clk 1:09:38]} 17. Qh4
{[%clk 1:21:18]} Nbc6 {[%clk 1:06:42]} 18. Bd3 {[%clk 1:21:00]} h6
{[%clk 0:56:51]} 19. Bf6 {[%clk 1:21:09]} Kg8 {[%clk 0:52:31]} 20. Qg3
{[%clk 1:20:53]} g6 {[%clk 0:50:26]} 21. Qh4 {[%clk 1:20:17]} h5 {[%clk 0:47:21]}
22. Ng5 {[%clk 1:18:47]} Nxd4 {[%clk 0:43:22]} 23. Qxh5 {[%clk 1:19:00]} Nc2+
{[%clk 0:33:07]} 24. Bxc2 {[%clk 1:19:21]} Qd2+ {[%clk 0:33:18]} 25. Kxd2
{[%clk 1:19:33]} Rfd8+ {[%clk 0:33:40]} 26. Ke2 {[%clk 1:19:36]} Bb5+
{[%clk 0:33:58]} 27. Ke1 {[%clk 1:19:43]} gxh5 {[%clk 0:34:12]} 28. Bxe7
{[%clk 1:20:06]} Rd5 {[%clk 0:34:07]} 29. Bf6 {[%clk 1:19:57]} c5
{[%clk 0:34:02]} 30. Rc1 {[%clk 1:19:55]} Rc8 {[%clk 0:34:12]} 31. Ne4
{[%clk 1:19:36]} Ba6 {[%clk 0:33:34]} 32. Kf2 {[%clk 1:19:05]} c4
{[%clk 0:33:17]} 33. Rhd1 {[%clk 1:19:15]} Ra5 {[%clk 0:33:34]} 34. Nd6
{[%clk 1:19:30]} Rb8 {[%clk 0:32:34]} 35. a4 {[%clk 1:19:47]} b5 {[%clk 0:31:39]}
36. axb5 {[%clk 1:20:10]} Bxb5 {[%clk 0:32:04]} 37. Ra1 {[%clk 1:20:10]} Ba4
{[%clk 0:30:52]} 38. Rxa4 {[%clk 1:20:29]} Rxa4 {[%clk 0:31:02]} 39. Bxa4
{[%clk 1:20:54]} Rb2+ {[%clk 0:31:28]} 40. Kf1 {[%clk 1:21:16]} Ra2
{[%clk 0:31:38]} 41. Be8 {[%clk 1:21:36]} c3 {[%clk 0:31:48]} 42. Bxf7+
{[%clk 1:22:01]} Kh7 {[%clk 0:31:46]} 43. Bxe6 {[%clk 1:22:13]} Rb2
{[%clk 0:31:54]} 44. Rc1 {[%clk 1:22:34]} c2 {[%clk 0:31:36]} 45. Bf5+
{[%clk 1:23:00]} 1-0

[Event "EUYCC 2025 - U14"]
[Site "?"]
[Date "2025.08.24"]
[Round "6.7"]
[White "Bundan, Edward"]
[Black "Malureanu, Andrei"]
[Result "1-0"]
[BlackElo "1585"]
[WhiteElo "1976"]
[LiveChessVersion "1.4.8"]

1. e4 {[%clk 1:30:54]} d6 {[%clk 1:30:55]} 2. d4 {[%clk 1:31:17]} Nf6
{[%clk 1:31:15]} 3. Nc3 {[%clk 1:31:40]} Nbd7 {[%clk 1:31:19]} 4. Nf3
{[%clk 1:31:56]} e5 {[%clk 1:31:23]} 5. Bc4 {[%clk 1:32:08]} Be7 {[%clk 1:31:15]}
6. O-O {[%clk 1:32:17]} O-O {[%clk 1:31:17]} 7. Re1 {[%clk 1:32:15]} c6
{[%clk 1:31:07]} 8. a4 {[%clk 1:31:48]} b6 {[%clk 1:30:00]} 9. h3
{[%clk 1:31:35]} a6 {[%clk 1:28:38]} 10. Be3 {[%clk 1:25:51]} Bb7
{[%clk 1:27:28]} 11. Bd3 {[%clk 1:19:43]} b5 {[%clk 1:23:17]} 12. axb5
{[%clk 1:18:52]} axb5 {[%clk 1:19:17]} 13. Qd2 {[%clk 1:16:20]} h6
{[%clk 1:09:04]} 14. Ne2 {[%clk 1:15:51]} Nh7 {[%clk 1:03:42]} 15. Ng3
{[%clk 1:14:23]} Ng5 {[%clk 1:00:19]} 16. Nxg5 {[%clk 1:13:49]} Bxg5
{[%clk 1:00:29]} 17. Bxg5 {[%clk 1:12:51]} hxg5 {[%clk 0:58:50]} 18. Nf5
{[%clk 1:12:28]} Qf6 {[%clk 0:51:53]} 19. Rxa8 {[%clk 1:09:58]} Rxa8
{[%clk 0:49:58]} 20. Re3 {[%clk 1:07:36]} Qe6 {[%clk 0:37:45]} 21. Rg3
{[%clk 1:06:54]} Ra1+ {[%clk 0:28:39]} 22. Kh2 {[%clk 1:07:01]} f6
{[%clk 0:27:51]} 23. h4 {[%clk 1:04:37]} d5 {[%clk 0:16:32]} 24. hxg5
{[%clk 1:03:00]} dxe4 {[%clk 0:13:47]} 25. Bxe4 {[%clk 1:02:31]} exd4
{[%clk 0:11:07]} 26. gxf6 {[%clk 0:58:05]} Qxf6 {[%clk 0:05:36]} 27. Rxg7+
{[%clk 0:57:54]} Qxg7 {[%clk 0:05:41]} 28. Nxg7 {[%clk 0:58:18]} Kxg7
{[%clk 0:06:07]} 29. Qg5+ {[%clk 0:58:36]} Kf7 {[%clk 0:06:00]} 30. Bg6+
{[%clk 0:58:52]} Ke6 {[%clk 0:05:58]} 31. Bf5+ {[%clk 0:59:02]} Kd6
{[%clk 0:06:16]} 32. Qg6+ {[%clk 0:59:20]} 1-0

[Event "EUYCC 2025 - U14"]
[Site "?"]
[Date "2025.08.24"]
[Round "6.8"]
[White "Debowska, Olga"]
[Black "Plechacek, Matej"]
[Result "1/2-1/2"]
[BlackElo "1741"]
[WhiteElo "1783"]
[LiveChessVersion "1.4.8"]

1. d4 {[%clk 1:30:58]} d5 {[%clk 1:30:56]} 2. c4 {[%clk 1:31:21]} e5
{[%clk 1:31:23]} 3. dxe5 {[%clk 1:30:28]} d4 {[%clk 1:31:48]} 4. Nf3
{[%clk 1:30:45]} Nc6 {[%clk 1:32:08]} 5. a3 {[%clk 1:30:19]} Nge7
{[%clk 1:32:08]} 6. e3 {[%clk 1:29:12]} Bg4 {[%clk 1:30:17]} 7. Be2
{[%clk 1:29:11]} dxe3 {[%clk 1:30:22]} 8. Bxe3 {[%clk 1:28:50]} Qxd1+
{[%clk 1:30:28]} 9. Bxd1 {[%clk 1:29:03]} O-O-O {[%clk 1:30:49]} 10. O-O
{[%clk 1:25:54]} h6 {[%clk 1:29:20]} 11. Bc5 {[%clk 1:19:34]} Ng6
{[%clk 1:29:12]} 12. Bxf8 {[%clk 1:18:49]} Rhxf8 {[%clk 1:29:35]} 13. Nc3
{[%clk 1:18:40]} Bxf3 {[%clk 1:28:20]} 14. Bxf3 {[%clk 1:19:03]} Ngxe5
{[%clk 1:28:43]} 15. Bxc6 {[%clk 1:17:47]} Nxc6 {[%clk 1:28:42]} 16. Rad1
{[%clk 1:16:25]} Na5 {[%clk 1:28:01]} 17. c5 {[%clk 1:12:44]} Nb3
{[%clk 1:28:25]} 18. Na4 {[%clk 1:11:25]} Rfe8 {[%clk 1:28:16]} 19. f3
{[%clk 1:02:27]} c6 {[%clk 1:26:56]} 20. Kf2 {[%clk 1:00:09]} Rxd1
{[%clk 1:26:29]} 21. Rxd1 {[%clk 1:00:32]} Re5 {[%clk 1:26:55]} 22. Re1
{[%clk 0:59:34]} Rd5 {[%clk 1:15:58]} 23. Re7 {[%clk 0:58:20]} Rd7
{[%clk 1:16:24]} 24. Re3 {[%clk 0:57:26]} Nc1 {[%clk 1:14:18]} 25. Kg3
{[%clk 0:52:33]} Nd3 {[%clk 1:13:43]} 26. b4 {[%clk 0:51:57]} f5 {[%clk 1:13:56]}
27. Re8+ {[%clk 0:50:12]} Kc7 {[%clk 1:14:18]} 28. Ra8 {[%clk 0:49:33]} Re7
{[%clk 1:10:49]} 29. Rxa7 {[%clk 0:39:06]} Re8 {[%clk 1:10:53]} 30. Nb6
{[%clk 0:38:42]} g5 {[%clk 1:10:02]} 31. Ra8 {[%clk 0:36:16]} h5 {[%clk 1:10:04]}
32. h3 {[%clk 0:35:48]} f4+ {[%clk 1:09:57]} 33. Kh2 {[%clk 0:36:14]} Rxa8
{[%clk 1:10:12]} 34. Nxa8+ {[%clk 0:36:40]} Kd7 {[%clk 1:10:39]} 35. Nb6+
{[%clk 0:37:03]} Ke6 {[%clk 1:11:04]} 36. Nc4 {[%clk 0:37:06]} Ne1
{[%clk 1:11:11]} 37. Na5 {[%clk 0:35:46]} Nc2 {[%clk 1:11:24]} 38. Nxb7
{[%clk 0:36:11]} Nxa3 {[%clk 1:11:46]} 39. Nd6 {[%clk 0:33:01]} Nc2
{[%clk 1:11:44]} 40. b5 {[%clk 0:32:24]} cxb5 {[%clk 1:12:10]} 41. Nxb5
{[%clk 0:32:46]} Nb4 {[%clk 1:11:29]} 42. Nc3 {[%clk 0:32:04]} Ke5
{[%clk 1:10:58]} 43. Ne4 {[%clk 0:32:21]} Kf5 {[%clk 1:11:17]} 44. Kg1
{[%clk 0:27:27]} g4 {[%clk 1:11:33]} 45. Kf2 {[%clk 0:26:05]} gxh3
{[%clk 1:11:48]} 46. gxh3 {[%clk 0:26:30]} Ke5 {[%clk 1:12:05]} 47. Ke2
{[%clk 0:26:16]} h4 {[%clk 1:10:50]} 48. Kd2 {[%clk 0:25:16]} Kd4
{[%clk 1:10:41]} 49. Ng5 {[%clk 0:22:18]} Kxc5 {[%clk 1:10:03]} 50. Ne6+
{[%clk 0:22:41]} Kd6 {[%clk 1:10:25]} 51. Nxf4 {[%clk 0:23:07]} Ke5
{[%clk 1:10:34]} 52. Nd3+ {[%clk 0:05:39]} Nxd3 {[%clk 1:10:55]} 53. Kxd3
{[%clk 0:06:04]} Kf4 {[%clk 1:11:21]} 54. Ke2 {[%clk 0:06:29]} Kg3
{[%clk 1:11:45]} 55. Ke3 {[%clk 0:06:56]} Kxh3 {[%clk 1:12:08]} 56. Kf2
{[%clk 0:07:21]} Kh2 {[%clk 1:12:04]} 57. f4 {[%clk 0:07:46]} h3 {[%clk 1:12:12]}
58. f5 {[%clk 0:08:13]} Kh1 {[%clk 1:12:34]} 59. f6 {[%clk 0:08:38]} h2
{[%clk 1:12:57]} 60. f7 {[%clk 0:08:19]} 1/2-1/2

[Event "EUYCC 2025 - U14"]
[Site "?"]
[Date "2025.08.24"]
[Round "6.9"]
[White "Amvrosiadis, Themistoklis"]
[Black "Rzadkowska, Kaja"]
[Result "1-0"]
[BlackElo "1878"]
[WhiteElo "1625"]
[LiveChessVersion "1.4.8"]

1. Nf3 {[%clk 1:30:57]} c5 {[%clk 1:30:51]} 2. c4 {[%clk 1:31:19]} Nc6
{[%clk 1:31:15]} 3. g3 {[%clk 1:30:15]} g6 {[%clk 1:31:33]} 4. Nc3
{[%clk 1:22:17]} Bg7 {[%clk 1:29:26]} 5. e3 {[%clk 1:20:01]} e6 {[%clk 1:26:07]}
6. d4 {[%clk 1:11:15]} cxd4 {[%clk 1:26:02]} 7. exd4 {[%clk 1:08:31]} d5
{[%clk 1:25:34]} 8. cxd5 {[%clk 1:01:59]} exd5 {[%clk 1:25:09]} 9. Be3
{[%clk 0:58:11]} Nge7 {[%clk 1:25:04]} 10. Bg2 {[%clk 0:55:33]} Bg4
{[%clk 1:22:12]} 11. Qd2 {[%clk 0:50:44]} Rc8 {[%clk 1:19:14]} 12. O-O
{[%clk 0:49:29]} O-O {[%clk 1:18:01]} 13. h3 {[%clk 0:47:43]} Be6
{[%clk 1:17:54]} 14. Rac1 {[%clk 0:46:12]} Nf5 {[%clk 1:16:12]} 15. Na4
{[%clk 0:42:33]} b6 {[%clk 1:12:34]} 16. Nc3 {[%clk 0:40:34]} Qd7
{[%clk 1:11:46]} 17. Kh2 {[%clk 0:40:05]} Rfe8 {[%clk 1:04:43]} 18. Rce1
{[%clk 0:30:48]} Nd6 {[%clk 0:58:47]} 19. Ng5 {[%clk 0:27:53]} Nc4
{[%clk 0:54:04]} 20. Qc1 {[%clk 0:20:40]} Nxd4 {[%clk 0:46:32]} 21. Bxd4
{[%clk 0:20:29]} Bxd4 {[%clk 0:46:57]} 22. Rd1 {[%clk 0:18:58]} Bxc3
{[%clk 0:45:33]} 23. bxc3 {[%clk 0:18:13]} Rcd8 {[%clk 0:38:41]} 24. Qf4
{[%clk 0:17:08]} Qd6 {[%clk 0:22:39]} 25. Qh4 {[%clk 0:15:55]} h5
{[%clk 0:22:39]} 26. Ne4 {[%clk 0:14:49]} Qe7 {[%clk 0:18:10]} 27. Nf6+
{[%clk 0:14:44]} Kg7 {[%clk 0:18:15]} 28. Nxe8+ {[%clk 0:15:05]} Qxe8
{[%clk 0:18:31]} 29. Rfe1 {[%clk 0:13:56]} Qd7 {[%clk 0:17:43]} 30. Qd4+
{[%clk 0:09:30]} Kh7 {[%clk 0:16:47]} 31. Re2 {[%clk 0:08:02]} b5
{[%clk 0:14:37]} 32. Rde1 {[%clk 0:07:32]} Rc8 {[%clk 0:13:33]} 33. f4
{[%clk 0:04:16]} Nb6 {[%clk 0:10:51]} 34. f5 {[%clk 0:01:38]} gxf5
{[%clk 0:10:59]} 35. Bf3 {[%clk 0:00:52]} Rc4 {[%clk 0:10:08]} 36. Qf6
{[%clk 0:00:37]} Qc7 {[%clk 0:07:22]} 37. Rxe6 {[%clk 0:00:33]} fxe6
{[%clk 0:07:14]} 38. Rxe6 {[%clk 0:00:47]} Nc8 {[%clk 0:07:03]} 39. Qg6+
{[%clk 0:00:56]} Kh8 {[%clk 0:07:31]} 40. Re8# {[%clk 0:01:08]} 1-0

[Event "EUYCC 2025 - U14"]
[Site "?"]
[Date "2025.08.24"]
[Round "6.10"]
[White "Jenikova, Sabina"]
[Black "Polackova, Eva"]
[Result "1-0"]
[BlackElo "1640"]
[WhiteElo "1491"]
[LiveChessVersion "1.4.8"]

1. b4 {[%clk 1:30:56]} e5 {[%clk 1:29:37]} 2. Bb2 {[%clk 1:31:13]} Bxb4
{[%clk 1:29:22]} 3. Bxe5 {[%clk 1:31:30]} Nf6 {[%clk 1:29:35]} 4. Nf3
{[%clk 1:30:57]} d5 {[%clk 1:29:15]} 5. Nc3 {[%clk 1:29:38]} c6 {[%clk 1:18:16]}
6. Rb1 {[%clk 1:24:02]} Be7 {[%clk 1:13:36]} 7. e3 {[%clk 1:22:28]} O-O
{[%clk 1:08:20]} 8. Be2 {[%clk 1:22:17]} Nbd7 {[%clk 1:03:51]} 9. Bg3
{[%clk 1:04:55]} b6 {[%clk 0:54:39]} 10. Nd4 {[%clk 0:58:53]} Bb7
{[%clk 0:46:49]} 11. O-O {[%clk 0:50:14]} Re8 {[%clk 0:36:42]} 12. Bf3
{[%clk 0:40:37]} Nf8 {[%clk 0:30:12]} 13. Nf5 {[%clk 0:33:52]} Ng6
{[%clk 0:27:17]} 14. h4 {[%clk 0:28:49]} Bf8 {[%clk 0:21:04]} 15. d4
{[%clk 0:25:56]} Bc8 {[%clk 0:16:39]} 16. Qd3 {[%clk 0:22:25]} Qd7
{[%clk 0:15:03]} 17. h5 {[%clk 0:20:38]} Qxf5 {[%clk 0:15:02]} 18. hxg6
{[%clk 0:20:16]} Qxg6 {[%clk 0:14:29]} 19. Qd2 {[%clk 0:19:39]} Bg4
{[%clk 0:13:47]} 20. Be2 {[%clk 0:19:04]} Bxe2 {[%clk 0:13:47]} 21. Nxe2
{[%clk 0:19:20]} Ne4 {[%clk 0:13:46]} 22. Qc1 {[%clk 0:17:50]} Nxg3
{[%clk 0:13:33]} 23. Nxg3 {[%clk 0:18:13]} Bd6 {[%clk 0:13:57]} 24. Ne2
{[%clk 0:18:21]} Re4 {[%clk 0:13:07]} 25. c4 {[%clk 0:17:21]} dxc4
{[%clk 0:12:08]} 26. Qxc4 {[%clk 0:17:37]} c5 {[%clk 0:11:36]} 27. Rbd1
{[%clk 0:16:36]} cxd4 {[%clk 0:09:13]} 28. Nxd4 {[%clk 0:15:57]} Bc5
{[%clk 0:08:59]} 29. Qd5 {[%clk 0:15:48]} Ree8 {[%clk 0:09:01]} 30. Nb5
{[%clk 0:14:51]} Rf8 {[%clk 0:04:09]} 31. Qb7 {[%clk 0:13:57]} Qc2
{[%clk 0:02:24]} 32. Ra1 {[%clk 0:13:07]} Qa4 {[%clk 0:02:30]} 33. Nc3
{[%clk 0:13:03]} Qh4 {[%clk 0:02:46]} 34. Rfd1 {[%clk 0:12:45]} h6
{[%clk 0:02:22]} 35. Rd7 {[%clk 0:12:31]} Qf6 {[%clk 0:02:37]} 36. Rc1
{[%clk 0:12:23]} Rfb8 {[%clk 0:02:46]} 37. Qd5 {[%clk 0:11:55]} Rd8
{[%clk 0:02:42]} 38. Ne4 {[%clk 0:12:02]} Qh4 {[%clk 0:02:13]} 39. Qxf7+
{[%clk 0:12:08]} Kh8 {[%clk 0:02:33]} 40. Qxg7# 1-0

[Event "EUYCC 2025 - U14"]
[Site "?"]
[Date "2025.08.24"]
[Round "6.11"]
[White "Myronova, Sofia"]
[Black "Chmelikova, Julia"]
[Result "1-0"]
[BlackElo "1590"]
[WhiteElo "1496"]
[LiveChessVersion "1.4.8"]

1. d4 {[%clk 1:30:52]} d5 {[%clk 1:30:51]} 2. Nf3 {[%clk 1:31:02]} Nf6
{[%clk 1:30:48]} 3. c4 {[%clk 1:30:59]} e6 {[%clk 1:29:30]} 4. g3
{[%clk 1:30:56]} Nbd7 {[%clk 1:27:00]} 5. Bg2 {[%clk 1:29:36]} Be7
{[%clk 1:23:54]} 6. O-O {[%clk 1:28:14]} O-O {[%clk 1:22:13]} 7. Qc2
{[%clk 1:26:36]} Rb8 {[%clk 1:18:20]} 8. Nbd2 {[%clk 1:21:05]} b6
{[%clk 1:13:58]} 9. b3 {[%clk 1:13:01]} c5 {[%clk 1:10:32]} 10. Bb2
{[%clk 1:06:34]} Bb7 {[%clk 1:05:00]} 11. e3 {[%clk 0:58:44]} Qc7
{[%clk 0:54:57]} 12. Rac1 {[%clk 0:55:35]} Rfd8 {[%clk 0:47:05]} 13. Rfd1
{[%clk 0:53:24]} Bd6 {[%clk 0:41:42]} 14. Ba1 {[%clk 0:26:29]} Nf8
{[%clk 0:27:46]} 15. dxc5 {[%clk 0:23:46]} bxc5 {[%clk 0:23:11]} 16. Bxf6
{[%clk 0:23:37]} gxf6 {[%clk 0:23:16]} 17. cxd5 {[%clk 0:22:45]} Bxd5
{[%clk 0:17:24]} 18. Nc4 {[%clk 0:22:02]} Ng6 {[%clk 0:15:37]} 19. Nxd6
{[%clk 0:21:51]} Qxd6 {[%clk 0:13:52]} 20. e4 {[%clk 0:21:36]} 1-0

[Event "EUYCC 2025 - U14"]
[Site "?"]
[Date "2025.08.24"]
[Round "6.13"]
[White "Stricova, Julia Nela"]
[Black "Kubalova, Nikol"]
[Result "0-1"]
[BlackElo "1453"]
[WhiteElo "1675"]
[LiveChessVersion "1.4.8"]

1. e4 {[%clk 1:30:57]} e6 {[%clk 1:30:38]} 2. d4 {[%clk 1:31:22]} b6
{[%clk 1:30:53]} 3. c4 {[%clk 1:31:46]} Bb7 {[%clk 1:31:00]} 4. Nc3
{[%clk 1:32:10]} Bb4 {[%clk 1:30:58]} 5. Qc2 {[%clk 1:32:33]} Nc6
{[%clk 1:27:33]} 6. Nf3 {[%clk 1:31:48]} d6 {[%clk 1:18:43]} 7. Bd3
{[%clk 1:30:34]} Nf6 {[%clk 1:16:20]} 8. Bg5 {[%clk 1:27:27]} h6 {[%clk 1:10:33]}
9. Bh4 {[%clk 1:23:46]} g5 {[%clk 1:08:08]} 10. Bg3 {[%clk 1:16:52]} g4
{[%clk 1:02:19]} 11. d5 {[%clk 1:06:06]} gxf3 {[%clk 0:59:12]} 12. dxc6
{[%clk 1:06:24]} fxg2 {[%clk 0:58:21]} 13. Rg1 {[%clk 1:06:37]} Bxc6
{[%clk 0:58:13]} 14. Rxg2 {[%clk 1:06:45]} d5 {[%clk 0:53:28]} 15. exd5
{[%clk 1:00:35]} exd5 {[%clk 0:52:29]} 16. cxd5 {[%clk 1:00:53]} Qxd5
{[%clk 0:47:02]} 17. Rg1 {[%clk 0:59:33]} Rg8 {[%clk 0:41:56]} 18. a3
{[%clk 0:55:34]} Bxc3+ {[%clk 0:41:46]} 19. Qxc3 {[%clk 0:55:41]} Qe6+
{[%clk 0:41:13]} 20. Kd2 {[%clk 0:52:34]} O-O-O {[%clk 0:38:09]} 21. Kc2
{[%clk 0:50:59]} Ne4 {[%clk 0:32:19]} 22. Bxe4 {[%clk 0:49:00]} Qxe4+
{[%clk 0:31:06]} 23. Kc1 {[%clk 0:47:52]} Rd7 {[%clk 0:22:42]} 24. Re1
{[%clk 0:43:39]} Qd5 {[%clk 0:20:07]} 25. Kc2 {[%clk 0:39:23]} Qf5+
{[%clk 0:17:01]} 26. Kc1 {[%clk 0:39:03]} Rgd8 {[%clk 0:14:50]} 27. Qc2
{[%clk 0:36:22]} Qf3 {[%clk 0:09:20]} 28. Kb1 {[%clk 0:22:03]} Rd1+
{[%clk 0:06:54]} 29. Rxd1 {[%clk 0:22:13]} Rxd1+ {[%clk 0:06:50]} 30. Ka2
{[%clk 0:22:30]} Qd5+ {[%clk 0:05:43]} 31. Qb3 {[%clk 0:21:43]} Rxa1+
{[%clk 0:05:56]} 0-1